Britney Discography (2018) - Statistics

General Stats
  • This quiz has been taken 912 times
  • The average score is 83 of 150
Answer Stats
Album Track Answer % Correct
...Baby One More Time US-1 ...Baby One More Time
94%
US-2 Circus
92%
Oops!... I Did It Again US-1 Oops!... I Did It Again
92%
US-6 Toxic
91%
Circus US-1 Womanizer
90%
Blackout US-1 Gimme More
89%
US-3 Sometimes
87%
US-2 Piece of Me
84%
US-12 Everytime
83%
US-7 Lucky
83%
US-3 Radar
83%
US-2 Work Bitch
83%
US-2 (You Drive Me) Crazy
83%
In the Zone US-1 Me Against the Music
82%
US-2 Stronger
82%
Femme Fatale US-1 'Till the World Ends
81%
Britney US-1 I'm a Slave 4 U
79%
US-4 Break the Ice
78%
US-2 Hold It Against Me
78%
Greatest Hits: My Prerogative US-1 My Prerogative
78%
US-2 Make Me...
77%
US-2 Overprotected
77%
US-5 Born to Make You Happy
75%
US-5 Boys
75%
US-6 From the Bottom of My Broken Heart
75%
The Singles Collection US-1 3
73%
US-12 Criminal
73%
US-3 Perfume
73%
US-4 Soda Pop
73%
US-6 If U Seek Amy
71%
US-4 I Wanna Go
71%
Britney Jean US-1 Alien
70%
US-4 Breathe on Me
70%
US-8 Touch of My Hand
70%
US-4 I'm Not a Girl, Not Yet a Woman
68%
US-8 Slumber Party
68%
US-5 Don't Let Me Be the Last to Know
66%
US-7 Freakshow
66%
US-9 Hot as Ice
66%
US-10 Shadow
66%
US-17 Do Somethin'
65%
US-8 Cinderella
64%
US-10 E-Mail My Heart
64%
US-2 (I Got That) Boom Boom
64%
US-7 Outrageous
64%
US-8 Toy Soldier
64%
EP-Britney & Kevin: Chaotic US-1 Chaotic
63%
US-6 Get Naked (I Got a Plan)
63%
US-7 I Love Rock 'n' Roll
63%
US-4 Kill the Lights
63%
US-12 Why Should I Be Sad
62%
US-5 Heaven on Earth
61%
US-3 Showdown
61%
Glory US-1 Invitation
60%
US-12 Dear Diary
59%
US-3 Lonely
59%
US-5 Early Mornin'
58%
Other-Bonus Everybody
58%
US-10 Ooh Ooh Baby
58%
US-3 Out from Under
58%
US-9 The Hook Up
58%
US-6 Anticipating
57%
Other-Bonus Get Back
57%
US-4 (I Can't Get No) Satisfaction
57%
US-11 Brave New Girl
56%
US-3 Inside Out
56%
US-3 Mona Lisa
56%
US-5 Shattered Glass
56%
US-10 Bombastic Love
55%
US-7 I Will Be There
55%
US-5 Just Luv Me
55%
Other-Bonus Liar
55%
US-9 Mmm Papi
55%
US-12 My Baby
55%
US-11 Perfect Lover
55%
US-7 Unusual You
54%
US-9 Just Like Me
53%
US-4 Man on the Moon
53%
US-3 Private Show
53%
Other-Bonus Autumn Goodbye
52%
US-7 Do You Wanna Come Over
51%
US-10 Mannequin
51%
US-2 Someday (I Will Understand)
51%
US-11 The Beat Goes On
51%
US-5 Tik Tik Boom
51%
US-3 Don't Go Knockin' on My Door
50%
US-11 Gasoline
50%
US-5 How I Roll
50%
US-11 Lace and Leather
50%
Other-Bonus Trouble
50%
US-12 What It's Like To Be Me
50%
Other-Bonus Better
49%
US-8 Big Fat Bass
49%
US-6 (Drop Dead) Beautiful
49%
US-8 Blur
48%
US-9 Chillin' With You
48%
Other-Bonus If I'm Dancing
48%
US-10 Love Me Down
48%
US-6 What U See (Is What U Get)
48%
US-6 Clumsy
47%
US-8 Passenger
47%
Other-Bonus Mood Ring
46%
Other-Bonus The Answer
46%
Other-Bonus Up n' Down
46%
Other-Bonus Don't Hang Up
45%
US-16 I've Just Begun (Having My Fun)
45%
US-8 I Will Still Love You
44%
Other-Bonus Phonography
44%
US-12 What You Need
44%
Other-Bonus Brightest Morning Star
43%
Other-Bonus He About to Lose Me
43%
US-4 It Should Be Easy
43%
US-9 Trouble for Me
43%
Other-Bonus Amnesia
42%
Other-Bonus Change Your Mind (No Seas Cortes)
42%
US-6 Body Ache
41%
US-10 Can't Make You Love Me
41%
US-9 Let Me Be
41%
Other-Bonus Quicksand
41%
US-10 Don't Cry
40%
US-7 Seal It with a Kiss
40%
Other-Bonus Selfish
40%
US-10 Trip to Your Heart
40%
Other-Bonus Girl in the Mirror
39%
Other-Bonus I Run Away
39%
Other-Bonus Rock Me In
39%
US-11 That's Where You Take Me
39%
US-9 Where Are You Now
39%
Other-Bonus Before the Goodbye
38%
Other-Bonus Coupure Electrique
38%
Other-Bonus Hold on Tight
38%
US-7 Til It's Gone
38%
US-11 When Your Eyes Say It
38%
US-11 Hard to Forget Ya
37%
Other-Bonus Deep in My Heart
36%
US-8 One Kiss from You
36%
Other-Bonus Scary
36%
US-9 Thinkin' About You
36%
Other-Bonus Heart
35%
Other-Bonus Outta This World
35%
Other-Bonus Now That I Found You
34%
Other-Bonus When I Found You
34%
Other-Bonus Don't Keep Me Waiting
33%
Other-Bonus Rock Boy
32%
Other-Bonus I'll Never Stop Loving You
29%
Other-Bonus Over to You Now
28%
EP-Britney Spears: In the Zone Other-Bonus Girls and Boys
25%
Other-Bonus I'm So Curious
25%
Other-Bonus You Got It All
24%
B in the Mix: The Remixes US-6 And Then We Kiss (Junkie XL Remix)
21%
No matching quizzes found
Score Distribution
Percent of People with Each Score
Percentile by Number Answered
Your Score History
You have not taken this quiz